| 000 | 004250000a22001450004500 | ||
|---|---|---|---|
| 005 | 20120302065239.0 | ||
| 942 | _cBOOK | ||
| 100 |
_a _a _b _c |
||
| 245 | _a Subodh Bhrugusanhita | ||
| 260 | _aMumbai:Dhavale Prakashan, 1980 | ||
| 300 | _avees;607p+240p..-ill | ||
| 040 | _aMar | ||
| 365 | _b120/- | ||
| 650 | _aJyotish, Astrology, Bhavishya, Purush Khanda, Stree khanda, Sarvarishta Nivaran khanda, Sanskrit-Anuvadit-marathi | ||
| 999 |
_c364280 _d364277 |
||